00383nam a2200145 a 450000100060000000300090000600800410001504000280005608200160008410000460010024500150014626000440016130000110020565000210021611079CO-ViMGA141112s2004 ck r 000 u spa d aCO-ViMGAbspacCO-ViMGA04a182.3 P17f51 aParmenides - Zenon - Meliso - Heraclito, 10afragmentos aBuenos Aires, cediciones Orbis, c1983 a253 p.14aFILOSOFIA GRIEGA